Countries and Empires that ruled Iran - Statistics

General Stats
  • This quiz has been taken 63 times
    38 since last reset
  • The average score is 6 of 63
Answer Stats
Reign Country / Empire % Correct
550 BC – 330 BC Achaemenid Empire
83%
1979 - present Islamic Republic of Iran
59%
330 BC – 150 BC Macedonian Empire
41%
247 BC – 224 AD Parthian Empire
38%
626 BC – 539 BC Neo-Babylonian Empire
31%
1789 – 1925 Qajar dynasty
31%
1501 – 1736 Safavid Empire
31%
54 BC – 27 BC Roman Empire
28%
312 BC – 63 BC Seleucid Empire
24%
1037 – 1194 Seljuk Empire
24%
750 AD – 892 AD Abbasid Caliphate
21%
678 BC – 550 BC Medes
21%
224 AD – 651 AD Sasanian Empire
21%
661 AD – 750 AD Umayyad Caliphate
21%
1206 – 1294 Mongol Empire
17%
911 BC – 609 BC Neo-Assyrian Empire
14%
1370 – 1507 Timurid Empire
14%
1736 – 1796 Afsharid Empire
10%
1378 – 1503 Aq Qoyunlu
10%
3200 BC – 539 BC Elamites
10%
1374 – 1468 Qara Qoyunlu
10%
632 AD – 661 AD Rashidun Caliphate
10%
934 AD – 1062 CE Buyid dynasty
7%
977 AD – 1186 CE Ghaznavid Empire
7%
1925 – 1979 Imperial State of Iran
7%
861 AD – 1002 CE Saffarid dynasty
7%
1256 – 1335 Ilkhanates
3%
1077 – 1231 Khwarazmian Empire
3%
331 BC – 428 AD Kingdom of Armenia
3%
821 AD – 873 AD Tahirid dynasty
3%
1751 – 1794 Zand dynasty
3%
1122 – 1225 Ahmadilis
0%
1090 – 1310 Alamut State
0%
864 AD – 928 AD Alid dynasty
0%
990 AD – 1120 CE Annazid dynasty
0%
932 AD – 968 AD Banu Ilyas
0%
651 AD – 1349 CE Bavand dynasty
0%
1338 – 1357 Chobanids
0%
642 AD – 760 AD Dabuyid dynasty
0%
1136 – 1225 Eldiguzids
0%
786 AD – 1215 CE Ghurid Sultanate
0%
2141 BC – 2050 BC Gutian dynasty
0%
959 AD – 1015 CE Hasanwayhids
0%
1709 – 1736 Hotak Empire
0%
1335 – 1357 Injuids
0%
1335 – 1432 Jalayirid Sultanate
0%
2500 BC – 2200 BC Jiroft culture
0%
791 AD – 1004 CE Justanids
0%
1008 – 1141 Kakuyid Emirate
0%
1370 – 1592 Kar-Kiya dynasty
0%
1531 BC – 1155 BC Kassite Empire
0%
1359 – 1596 Marashiyan dynasty
0%
1314 – 1393 Muzaffarid dynasty
0%
665 AD – 1598 CE Paduspanids
0%
550 AD – 1100 CE Qarinvand dynasty
0%
955 AD – 1070 CE Rawadids
0%
889 AD – 929 AD Sajid dynasty
0%
1148 – 1282 Salghurids
0%
919 AD – 1062 CE Sallarid dynasty
0%
819 AD – 999 AD Samanid Empire
0%
860 BC – 590 BC Urartu
0%
2112 BC – 2004 BC Ur dynasty
0%
931 AD – 1090 CE Ziyarid dynasty
0%
No matching quizzes found
Score Distribution
Percent of People with Each Score
Percentile by Number Answered
Your Score History
You have not taken this quiz since the last reset